<?xml version="1.0" encoding="UTF-8"?>
<collection xmlns="http://www.loc.gov/MARC21/slim">
 <record>
  <leader>01651nam a2200217Ia 4500</leader>
  <controlfield tag="001">CTU_214958</controlfield>
  <controlfield tag="008">210402s9999    xx            000 0 und d</controlfield>
  <datafield tag="082" ind1=" " ind2=" ">
   <subfield code="a">616.89</subfield>
  </datafield>
  <datafield tag="082" ind1=" " ind2=" ">
   <subfield code="b">A441</subfield>
  </datafield>
  <datafield tag="100" ind1=" " ind2=" ">
   <subfield code="a">Alloy, Lauren B.</subfield>
  </datafield>
  <datafield tag="245" ind1=" " ind2="0">
   <subfield code="a">Abnormal psychology :</subfield>
  </datafield>
  <datafield tag="245" ind1=" " ind2="0">
   <subfield code="b">Current perspectives</subfield>
  </datafield>
  <datafield tag="245" ind1=" " ind2="0">
   <subfield code="c">Lauren B. Alloy, John H. Riskind and Margaret J. Manos</subfield>
  </datafield>
  <datafield tag="260" ind1=" " ind2=" ">
   <subfield code="a">Boston, MA.</subfield>
  </datafield>
  <datafield tag="260" ind1=" " ind2=" ">
   <subfield code="b">McGraw-Hill</subfield>
  </datafield>
  <datafield tag="260" ind1=" " ind2=" ">
   <subfield code="c">2004</subfield>
  </datafield>
  <datafield tag="520" ind1=" " ind2=" ">
   <subfield code="a">Part one: Introduction to abnormal psychology. Abnormal psychology: historical perspectives -- Diagnosis and assessment -- Research methods in abnormal psychology -- Part two: Theoretical perspectives. The behavioral, cognitive, and sociocultural perspectives -- The psychodynamic, humanistic-existential, and interpersonal perspectives -- The neuroscience perspective -- Part three: Emotional and behavioral disorders. Anxiety disorders -- Dissociative and somatoform disorders -- Stress and physical disorders -- Mood disorders -- Personality disorders -- The Nature of substance dependence and abuse -- Sexual dysfunctions, paraphilias, and gender identity disorders -- Part four: Psychotic and neuropsychological disorders. Schizophrenia and delusional disorder -- Neuropsychological disorders -- Part five: Developmental disorders. Disorders of childhood and adolescence -- Mental retardation and autism -- Part six: Legal and ethical issues in abnormal psychology -- Legal and ethical issues in abnormal psychology.</subfield>
  </datafield>
  <datafield tag="650" ind1=" " ind2=" ">
   <subfield code="a">Psychology, pathological</subfield>
  </datafield>
  <datafield tag="904" ind1=" " ind2=" ">
   <subfield code="i">Minh</subfield>
  </datafield>
  <datafield tag="910" ind1=" " ind2=" ">
   <subfield code="a">Sách kèm theo đĩa số ĐKCB : AV.004985</subfield>
  </datafield>
  <datafield tag="980" ind1=" " ind2=" ">
   <subfield code="a">Trung tâm Học liệu Trường Đại học Cần Thơ</subfield>
  </datafield>
 </record>
</collection>
